[Event "BCF-chT 2324 (4NCL)"]
[Site "England"]
[Date "2024.01.13"]
[Round "3.1"]
[White "Willmoth, Robert"]
[Black "Terbe, Julianna"]
[Result "0-1"]
[WhiteElo "2109"]
[BlackElo "2315"]
[PlyCount "54"]
[EventDate "2023.11.11"]
[EventType "team-tourn"]
[EventRounds "11"]
[EventCountry "ENG"]
[SourceTitle "CB11_2024"]
[SourceDate "2024.03.13"]
[SourceVersion "1"]
[SourceVersionDate "2024.03.13"]
[SourceQuality "1"]
[WhiteTeam "Barnet Knights"]
[BlackTeam "Manx Liberty"]
[WhiteTeamCountry "ENG"]
[BlackTeamCountry "ENG"]

1. Nf3 d5 2. d4 Nf6 3. c4 c6 4. e3 Bf5 5. Nc3 e6 6. Nh4 Bg6 7. Qb3 Qc7 8. Be2 Nbd7 9. Bd2 Ne4 10. Nxe4 Bxe4 11. cxd5 Bxd5 12. Qc2 Be7 13. Nf3 f5 14. Bd3 Nf6 15. Ne5 Bd6 16. 0-0 0-0 17. b4 Rad8 18. Bc3 Be4 19. Rfd1 Bxd3 20. Rxd3 Nd5 21. Qb3 Qe7 22. Rb1 Bxe5 23. dxe5 Nxc3 24. Rxc3 Rd5 25. f4 Rfd8 26. a4 Qh4 27. Rcc1 Rd2 0-1

[Event "London IM"]
[Site "London"]
[Date "2023.12.08"]
[Round "8"]
[White "Willmoth, Robert"]
[Black "Ribeiro, Gustavo"]
[Result "1/2-1/2"]
[WhiteElo "2123"]
[BlackElo "2187"]
[PlyCount "91"]
[EventDate "2023.12.05"]
[EventType "tourn"]
[EventRounds "9"]
[EventCountry "ENG"]
[SourceTitle "CB50_2023"]
[SourceDate "2023.12.13"]
[SourceVersion "1"]
[SourceVersionDate "2023.12.13"]
[SourceQuality "1"]
[WhiteTeam "Norm Seeker"]
[BlackTeam "Norm Seeker III"]
[WhiteTeamCountry "ENG"]
[BlackTeamCountry "ENG"]

1. Nf3 d5 2. e3 Bf5 3. c4 e6 4. Qb3 Qc8 5. cxd5 exd5 6. Qxd5 Nf6 7. Qb3 Bd6 8. Nc3 0-0 9. d4 c5 10. Nb5 Be7 11. dxc5 Bxc5 12. Nbd4 Be4 13. Bd3 Bd5 14. Qc2 Bxd4 15. Qxc8 Rxc8 16. Nxd4 Bxg2 17. Rg1 Be4 18. Bxe4 Nxe4 19. f3 Nd6 20. Bd2 Nd7 21. Ke2 Ne5 22. Rac1 Ng6 23. Bb4 Rxc1 24. Rxc1 Rc8 25. Rxc8+ Nxc8 26. Kd3 f6 27. Ne6 Ne5+ 28. Ke4 Nc6 29. Bc3 Kf7 30. Nd4 Nxd4 31. Kxd4 Ke6 32. e4 Nd6 33. a4 f5 34. h4 Nf7 35. Ke3 g5 36. hxg5 fxe4 37. g6 hxg6 38. Kxe4 b6 39. b3 Kd6 40. Bb4+ Kc6 41. Be7 a6 42. Ba3 b5 43. axb5+ axb5 44. Bb4 Ng5+ 45. Kf4 Nf7 46. Ke4 1/2-1/2

[Event "London IM"]
[Site "London"]
[Date "2023.12.05"]
[Round "2"]
[White "Willmoth, Robert"]
[Black "Collins, Adam"]
[Result "1/2-1/2"]
[WhiteElo "2123"]
[BlackElo "2183"]
[PlyCount "67"]
[EventDate "2023.12.05"]
[EventType "tourn"]
[EventRounds "9"]
[EventCountry "ENG"]
[SourceTitle "CB50_2023"]
[SourceDate "2023.12.13"]
[SourceVersion "1"]
[SourceVersionDate "2023.12.13"]
[SourceQuality "1"]
[WhiteTeam "Norm Seeker"]
[BlackTeam "Norm Seeker III"]
[WhiteTeamCountry "ENG"]
[BlackTeamCountry "ENG"]

1. d4 d5 2. c4 e6 3. Nf3 Nf6 4. g3 dxc4 5. Qa4+ Nbd7 6. Qxc4 a6 7. a4 b5 8. Qc2 Bb7 9. Bg2 c5 10. 0-0 Rc8 11. axb5 axb5 12. dxc5 Bxc5 13. Qb3 b4 14. Be3 Bd5 15. Qd3 Be4 16. Qd2 Nd5 17. Bxc5 Nxc5 18. Qd4 Qf6 19. Nbd2 Qxd4 20. Nxd4 Bxg2 21. Kxg2 0-0 22. Rfc1 Rfd8 23. N2b3 Nxb3 24. Nxb3 Nb6 25. Rxc8 Rxc8 26. Rc1 Rc4 27. Kf3 Kf8 28. Ke3 Rxc1 29. Nxc1 Nc4+ 30. Kd3 Nxb2+ 31. Kc2 Nc4 32. Nd3 Ke7 33. Nxb4 Ne5 34. h3 1/2-1/2

[Event "BCF-chT 2324 (4NCL)"]
[Site "England"]
[Date "2023.11.12"]
[Round "2.6"]
[White "Flint, Martina"]
[Black "Willmoth, Robert"]
[Result "0-1"]
[WhiteElo "1835"]
[BlackElo "2108"]
[PlyCount "108"]
[EventDate "2023.11.11"]
[EventType "team-tourn"]
[EventRounds "11"]
[EventCountry "ENG"]
[SourceTitle "CB46_2023"]
[SourceDate "2023.11.15"]
[SourceVersion "1"]
[SourceVersionDate "2023.11.15"]
[SourceQuality "1"]
[WhiteTeam "Chessable White Rose II"]
[BlackTeam "Barnet Knights"]
[WhiteTeamCountry "ENG"]
[BlackTeamCountry "ENG"]

1. f4 d6 2. g3 Nf6 3. Nf3 g6 4. Bg2 Bg7 5. 0-0 c5 6. d3 0-0 7. c3 Nc6 8. e4 Rb8 9. Qc2 b5 10. h3 Nd7 11. Na3 Ba6 12. Bd2 Qb6 13. Kh2 b4 14. Nc4 Bxc4 15. dxc4 bxc3 16. Bxc3 Bxc3 17. bxc3 Qa6 18. Nd2 Rb6 19. Rfb1 Rfb8 20. Rxb6 Rxb6 21. Bf1 Qa3 22. Rb1 Kf8 23. Bd3 Rxb1 24. Nxb1 Qa5 25. Nd2 Nb6 26. Nb3 Qa3 27. Nd2 Na5 28. Kg2 Qa4 29. Qxa4 Nxa4 30. Bc2 Nxc3 31. a3 Ne2 32. Kf2 Nd4 33. Ba4 e6 34. Ke3 f5 35. Kd3 Ke7 36. Bb5 Nxb5 37. cxb5 fxe4+ 38. Nxe4 Nb7 39. a4 d5 40. Ng5 c4+ 41. Kd4 Nc5 42. Nf3 Nxa4 43. Ne5 c3 44. Kd3 Kd6 45. Nc6 a6 46. Nd4 axb5 47. Nxb5+ Kc5 48. Nd4 Kb4 49. Kc2 Kc4 50. Nb3 d4 51. Na5+ Kd5 52. Kd3 Nc5+ 53. Kc2 Ke4 54. Nc6 Ke3 0-1

[Event "BCF-chT2 2223 (4NCL)"]
[Site "England"]
[Date "2023.03.19"]
[Round "8.18"]
[White "Willmoth, Robert"]
[Black "Graham, Cassie M"]
[Result "1/2-1/2"]
[WhiteElo "2135"]
[BlackElo "1997"]
[PlyCount "96"]
[EventDate "2022.10.22"]
[EventType "team-tourn"]
[EventRounds "11"]
[EventCountry "ENG"]
[SourceTitle "EXT 2024"]
[Source "ChessBase"]
[SourceDate "2023.10.10"]
[SourceVersion "1"]
[SourceVersionDate "2023.10.10"]
[SourceQuality "1"]
[WhiteTeam "Barnet Knights"]
[BlackTeam "Sussex Martlets"]
[WhiteTeamCountry "ENG"]
[BlackTeamCountry "ENG"]

1. d4 Nf6 2. Nf3 g6 3. c4 d5 4. cxd5 Nxd5 5. g3 Bg7 6. Bg2 0-0 7. 0-0 c6 8. e4 Nb6 9. h3 Be6 10. Na3 h6 11. Qe2 a5 12. Rd1 Na6 13. Be3 Nb4 14. b3 Nc8 15. Rac1 Nd6 16. Ne5 a4 17. Qd2 Nxa2 18. Qxa2 Bxb3 19. Qb2 Bxd1 20. Rxd1 Qc7 21. f4 Ra6 22. Rb1 Rb8 23. Nd3 Qd8 24. g4 Ra5 25. e5 Nb5 26. d5 Nxa3 27. Qxa3 Rxd5 28. Bxd5 Qxd5 29. Kf2 e6 30. Nb4 Qe4 31. Qd3 Qxd3 32. Nxd3 Bf8 33. Bb6 Ra8 34. Bc5 b5 35. Ra1 Rd8 36. Bxf8 Kxf8 37. Ke3 Ke7 38. Rc1 Rc8 39. Kd4 Rd8+ 40. Ke4 Rc8 41. Rc3 Kd7 42. Kd4 Kc7 43. Kc5 Ra8 44. Nb4 a3 45. Rc2 Ra4 46. Rd2 Kc8 47. Rc2 Kc7 48. Ra2 Kb7 1/2-1/2

[Event "Berks & Bucks op"]
[Site "Maidenhead"]
[Date "2022.08.28"]
[Round "4"]
[White "Willmoth, Robert"]
[Black "Thatte, Nishchal"]
[Result "1-0"]
[WhiteElo "2117"]
[BlackElo "1887"]
[PlyCount "103"]
[EventDate "2022.08.27"]
[EventType "swiss"]
[EventRounds "6"]
[EventCountry "ENG"]
[SourceTitle "CBM 210 Extra"]
[Source "ChessBase"]
[SourceDate "2022.11.30"]
[SourceVersion "1"]
[SourceVersionDate "2022.11.30"]
[SourceQuality "1"]

1. d4 Nf6 2. Nf3 d5 3. Bg5 c5 4. Bxf6 exf6 5. Nc3 Be6 6. e4 cxd4 7. Qxd4 Nc6 8. Bb5 a6 9. Bxc6+ bxc6 10. exd5 cxd5 11. 0-0 Be7 12. Rfd1 Rc8 13. Qa4+ Qd7 14. Qxd7+ Bxd7 15. Rxd5 Bc6 16. Re1 0-0 17. Rd3 Rfe8 18. Rde3 Bb4 19. Rxe8+ Bxe8 20. Re3 Kf8 21. Nd5 Bd6 22. c3 a5 23. Rd3 Bb5 24. Rd2 Re8 25. Nxf6 Bxh2+ 26. Kxh2 gxf6 27. b3 Re6 28. Nd4 Rd6 29. g4 a4 30. Kg3 axb3 31. axb3 Ke7 32. Kf4 Bd7 33. f3 Kd8 34. Rh2 Kc7 35. Rxh7 Be8 36. b4 Ra6 37. Rh5 Ra3 38. Rc5+ Kd6 39. Kf5 Ke7 40. Ke4 Kd6 41. Rd5+ Ke7 42. Nf5+ Kf8 43. Rd8 Rxc3 44. Rb8 Rc4+ 45. Kd5 Rf4 46. Nd6 Ke7 47. Rxe8+ Kd7 48. Re4 Rxf3 49. Rd4 Rf1 50. Nxf7 f5 51. gxf5 Rf3 52. Ke4+ 1-0

[Event "GBR-ch Seniors 50 108th"]
[Site "Torquay"]
[Date "2022.08.11"]
[Round "4"]
[White "Willmoth, Robert"]
[Black "Crocker, Philip J"]
[Result "1/2-1/2"]
[WhiteElo "2117"]
[BlackElo "2107"]
[PlyCount "35"]
[EventDate "2022.08.08"]
[EventType "swiss"]
[EventRounds "7"]
[EventCountry "ENG"]
[SourceTitle "EXT 2024"]
[Source "ChessBase"]
[SourceDate "2023.10.10"]
[SourceVersion "1"]
[SourceVersionDate "2023.10.10"]
[SourceQuality "1"]

1. Nf3 d5 2. d4 Nf6 3. c3 c6 4. Bg5 Bf5 5. Qb3 Qb6 6. Qxb6 axb6 7. Nbd2 b5 8. a3 Nbd7 9. Nh4 Be6 10. e3 Ne4 11. Nhf3 Nxg5 12. Nxg5 Bf5 13. e4 dxe4 14. Ngxe4 e6 15. 0-0-0 Be7 16. Bd3 0-0 17. Rhe1 Rfd8 18. f4 1/2-1/2

[Event "BCF-chT 2122 (4NCL)"]
[Site "England"]
[Date "2022.06.26"]
[Round "11.18"]
[White "Willmoth, Robert"]
[Black "Terbe, Julianna"]
[Result "1/2-1/2"]
[WhiteElo "2121"]
[BlackElo "2294"]
[PlyCount "91"]
[EventDate "2021.11.27"]
[EventType "team-swiss"]
[EventRounds "11"]
[EventCountry "ENG"]
[SourceTitle "EXT 2023"]
[Source "ChessBase"]
[SourceDate "2022.10.05"]
[SourceVersion "1"]
[SourceVersionDate "2022.10.05"]
[SourceQuality "1"]
[WhiteTeam "Barnet Knights"]
[BlackTeam "Chess.com Manx Liberty"]
[WhiteTeamCountry "ENG"]
[BlackTeamCountry "ENG"]

1. Nf3 d5 2. b3 Nf6 3. Bb2 Bf5 4. g3 e6 5. Bg2 Be7 6. 0-0 0-0 7. c4 c6 8. d3 h6 9. Nbd2 Nbd7 10. Qc2 a5 11. a3 Bh7 12. Bc3 Bd6 13. cxd5 cxd5 14. Qb2 Qe7 15. b4 axb4 16. Bxb4 e5 17. Rfd1 Rfe8 18. Bxd6 Qxd6 19. Ne1 Nc5 20. Rdc1 Ne6 21. Nc2 Bg6 22. Nb4 Nd4 23. Nb3 Nxb3 24. Qxb3 e4 25. d4 Ra5 26. Rc3 Bf5 27. Nc2 Rb8 28. Rb1 b5 29. e3 Nd7 30. Bf1 Nb6 31. Qb4 Qxb4 32. axb4 Na4 33. Rc7 Ra6 34. Na3 Rab6 35. Be2 Be6 36. Rb3 Kh7 37. Kg2 R6b7 38. Rxb7 Rxb7 39. Bxb5 Nb6 40. h3 Kg6 41. Bc6 Ra7 42. Rc3 Kf6 43. g4 h5 44. Kg3 hxg4 45. hxg4 Kg5 46. f4+ 1/2-1/2

[Event "Southend Easter op 64th"]
[Site "Southend"]
[Date "2022.04.17"]
[Round "6"]
[White "Willmoth, Robert"]
[Black "Pandit, Kabir"]
[Result "1-0"]
[WhiteElo "2106"]
[BlackElo "1826"]
[PlyCount "90"]
[EventDate "2022.04.15"]
[EventType "swiss"]
[EventRounds "7"]
[EventCountry "ENG"]
[SourceTitle "CBM 207 Extra"]
[Source "ChessBase"]
[SourceDate "2022.05.31"]
[SourceVersion "1"]
[SourceVersionDate "2022.05.31"]
[SourceQuality "1"]

1. d4 Nf6 2. Nf3 e6 3. b3 b6 4. Bb2 Bb7 5. Nbd2 d5 6. e3 Bd6 7. Bd3 Nbd7 8. 0-0 0-0 9. c4 c5 10. Qc2 cxd4 11. exd4 Rc8 12. Rac1 dxc4 13. bxc4 Qc7 14. Rfe1 Rfe8 15. Ne5 Nf8 16. Ndf3 Ng6 17. Bxg6 hxg6 18. Ng5 Bxe5 19. dxe5 Nd7 20. Qc3 f6 21. exf6 gxf6 22. Qh3 Re7 23. Rxe6 Rg7 24. Bxf6 Qf4 25. Qe3 Qxe3 26. fxe3 Nxf6 27. Rxf6 Bd5 28. e4 Bxc4 29. Kf2 b5 30. Ke3 a5 31. a3 a4 32. Rd1 Rf8 33. Rfd6 Kh8 34. Ne6 Bxe6 35. Rxe6 Rb8 36. Ra6 Kh7 37. Rdd6 Rc7 38. Rd3 Rc4 39. Re6 Rb7 40. Kf4 Kh6 41. Rh3+ Kg7 42. Kg5 b4 43. Rxg6+ Kf8 44. Rh8+ Ke7 45. Rh7+ Kf8 1-0

[Event "Southend Easter op 64th"]
[Site "Southend"]
[Date "2022.04.16"]
[Round "4"]
[White "Thatte, Nishchal"]
[Black "Willmoth, Robert"]
[Result "0-1"]
[WhiteElo "1892"]
[BlackElo "2106"]
[PlyCount "102"]
[EventDate "2022.04.15"]
[EventType "swiss"]
[EventRounds "7"]
[EventCountry "ENG"]
[SourceTitle "CBM 207 Extra"]
[Source "ChessBase"]
[SourceDate "2022.05.31"]
[SourceVersion "1"]
[SourceVersionDate "2022.05.31"]
[SourceQuality "1"]

1. d4 d6 2. Nf3 Bg4 3. e4 g6 4. Bc4 Nf6 5. h3 Bxf3 6. Qxf3 Nbd7 7. g4 e6 8. Bg5 h6 9. Be3 Nb6 10. Bd3 Bg7 11. Nd2 Qe7 12. 0-0-0 0-0-0 13. Nb3 Nfd7 14. Na5 c5 15. c3 Kb8 16. Ba6 cxd4 17. Bxb7 Ne5 18. Qg3 dxe3 19. Ba6 exf2 20. Qxf2 Qc7 21. Qe2 Nc6 22. Nb7 Rd7 23. Qb5 Ka8 24. Rd2 Rb8 25. Rhd1 Rxb7 26. Bxb7+ Kxb7 27. a4 a6 28. Qb3 Be5 29. Kb1 Ka7 30. Rf2 d5 31. exd5 Rxd5 32. Rdf1 Rd7 33. Qc2 f5 34. gxf5 gxf5 35. Rg2 Rg7 36. Rfg1 Rxg2 37. Rxg2 Qf7 38. b4 Nd5 39. b5 Nxc3+ 40. Kc1 axb5 41. axb5 Nd4 42. Qb2 Bf4+ 43. Rd2 Bxd2+ 44. Kxd2 Ndxb5 45. Qa1+ Kb7 46. Qh1+ Ne4+ 47. Ke3 Qc7 48. h4 Qg3+ 49. Ke2 Nd4+ 50. Kd1 Qd3+ 51. Ke1 Qe2# 0-1

[Event "Southend Easter op 64th"]
[Site "Southend"]
[Date "2022.04.15"]
[Round "2"]
[White "Mueller, Jens1111"]
[Black "Willmoth, Robert"]
[Result "0-1"]
[WhiteElo "1914"]
[BlackElo "2106"]
[PlyCount "94"]
[EventDate "2022.04.15"]
[EventType "swiss"]
[EventRounds "7"]
[EventCountry "ENG"]
[SourceTitle "CBM 207 Extra"]
[Source "ChessBase"]
[SourceDate "2022.05.31"]
[SourceVersion "1"]
[SourceVersionDate "2022.05.31"]
[SourceQuality "1"]

1. d4 d6 2. Bf4 Nf6 3. Nc3 g6 4. e4 c6 5. Qd2 b5 6. f3 Nbd7 7. d5 cxd5 8. Nxd5 a6 9. Ne2 Bg7 10. 0-0-0 Nxd5 11. exd5 Nb6 12. Nd4 Bb7 13. Nc6 Qc7 14. Nb4 0-0 15. Bh6 Bxh6 16. Qxh6 Rfc8 17. Bd3 Nc4 18. h4 Nxb2 19. h5 Nxd3+ 20. Rxd3 g5 21. Qxg5+ Kh8 22. Re1 f6 23. Qf5 Rf8 24. Rde3 Rae8 25. g4 a5 26. Nc6 e5 27. h6 b4 28. g5 Bc8 29. Qd3 fxg5 30. Qc4 Qb6 31. Qe2 Rf5 32. Qh2 Qc7 33. Qh5 Rg8 34. Qh2 Bb7 35. Qh3 Rf6 36. Nxe5 dxe5 37. Rxe5 Qd6 38. Qg3 Rxh6 39. f4 g4 40. Qd3 g3 41. Rh5 Rhg6 42. Reh1 Qxf4+ 43. Kb1 R8g7 44. Qb5 h6 45. Rf1 Qe4 46. Rf8+ Kh7 47. Re8 Qf3 0-1

[Event "BCF-chT 2122 (4NCL)"]
[Site "England"]
[Date "2022.03.27"]
[Round "6.118"]
[White "Whitehead, Mark A"]
[Black "Willmoth, Robert"]
[Result "0-1"]
[WhiteElo "1785"]
[BlackElo "2121"]
[PlyCount "64"]
[EventDate "2021.11.27"]
[EventType "team-swiss"]
[EventRounds "11"]
[EventCountry "ENG"]
[SourceTitle "EXT 2023"]
[Source "ChessBase"]
[SourceDate "2022.10.05"]
[SourceVersion "1"]
[SourceVersionDate "2022.10.05"]
[SourceQuality "1"]
[WhiteTeam "Manchester Manticores"]
[BlackTeam "Barnet Knights"]
[WhiteTeamCountry "ENG"]
[BlackTeamCountry "ENG"]

1. e4 c5 2. Nf3 Nc6 3. d3 g6 4. g3 Bg7 5. Bg2 d6 6. Nbd2 e5 7. c3 Nge7 8. 0-0 0-0 9. Re1 h6 10. Nf1 Be6 11. h4 Qd7 12. N1h2 f5 13. Qe2 Rae8 14. b3 b5 15. Bb2 b4 16. cxb4 Nxb4 17. Bc3 a5 18. Rad1 f4 19. Bxb4 axb4 20. Rd2 Ra8 21. Rc1 Ra5 22. Kh1 Nc6 23. Rcc2 Na7 24. Ng1 Nb5 25. Qe1 g5 26. Ne2 g4 27. f3 h5 28. gxf4 exf4 29. Nf1 Qe7 30. Rd1 g3 31. Nfxg3 Qxh4+ 32. Kg1 fxg3 0-1

[Event "Newcastle Northumbria Masters"]
[Site "Newcastle on Tyne"]
[Date "2021.08.29"]
[Round "6"]
[White "Jukes, Sam"]
[Black "Willmoth, Robert"]
[Result "0-1"]
[WhiteElo "1846"]
[BlackElo "2116"]
[PlyCount "70"]
[EventDate "2021.08.26"]
[EventType "swiss"]
[EventRounds "9"]
[EventCountry "ENG"]
[SourceTitle "CBM 204 Extra"]
[Source "ChessBase"]
[SourceDate "2021.11.30"]
[SourceVersion "1"]
[SourceVersionDate "2021.11.30"]
[SourceQuality "1"]

1. e4 d6 2. d4 Nf6 3. Nc3 c6 4. f4 Qa5 5. Bd3 e5 6. Nf3 Nbd7 7. 0-0 exd4 8. Nxd4 Qb6 9. Bc4 Be7 10. Kh1 g6 11. Be3 Qc7 12. Nf3 b5 13. Bd3 0-0 14. Qd2 Bb7 15. f5 b4 16. Ne2 c5 17. Bh6 c4 18. Bxf8 Bxf8 19. Ng3 cxd3 20. cxd3 a5 21. Rac1 Qb6 22. fxg6 hxg6 23. Qg5 Bg7 24. h4 a4 25. h5 Ra5 26. e5 Nxe5 27. Nxe5 Rxe5 28. Nf5 Nxh5 29. Ne7+ Rxe7 30. Qxe7 Ng3+ 31. Kh2 Nxf1+ 32. Rxf1 Be5+ 33. Kh1 Bd5 34. Rc1 Qf2 35. Qg5 Kg7 0-1

[Event "Leamington Spa 4NCL op 25th"]
[Site "Leamington Spa"]
[Date "2021.07.10"]
[Round "2"]
[White "Arkell, Keith C"]
[Black "Willmoth, Robert"]
[Result "1-0"]
[WhiteElo "2381"]
[BlackElo "2103"]
[PlyCount "81"]
[EventDate "2021.07.09"]
[EventType "swiss"]
[EventRounds "5"]
[EventCountry "ENG"]
[SourceTitle "CBM 203 Extra"]
[Source "ChessBase"]
[SourceDate "2021.09.30"]
[SourceVersion "1"]
[SourceVersionDate "2021.09.30"]
[SourceQuality "1"]

1. c4 e5 2. Nc3 d6 3. d4 exd4 4. Qxd4 Be6 5. e4 Nc6 6. Qd2 Nf6 7. b3 Nxe4 8. Nxe4 d5 9. cxd5 Bb4 10. Nc3 Qf6 11. Bb2 0-0-0 12. 0-0-0 Rxd5 13. Nxd5 Bxd2+ 14. Rxd2 Qh6 15. Ne3 Nb4 16. Bc3 Nd5 17. Nxd5 Bxd5 18. Nf3 Re8 19. Bb5 c6 20. Bd3 Qf4 21. Kc2 Bxf3 22. gxf3 g6 23. Be2 a5 24. a4 b6 25. Rhd1 Re7 26. Ba6+ Kb8 27. Rd6 Ka7 28. Bc4 Qxf3 29. Rd7+ Rxd7 30. Rxd7+ Ka8 31. Rxf7 Qg2 32. Ba6 Qe4+ 33. Kb2 h5 34. Bb7+ Kb8 35. f4 Qe2+ 36. Ka3 b5 37. Be5+ Ka7 38. Bxc6+ Kb6 39. axb5 Qd2 40. Rd7 Qc1+ 41. Ka4 1-0

[Event "London Classic rapid op 11th"]
[Site "London"]
[Date "2019.12.07"]
[Round "7"]
[White "Haydon, David Leslie"]
[Black "Willmoth, Robert"]
[Result "1-0"]
[WhiteElo "2303"]
[BlackElo "2038"]
[PlyCount "75"]
[EventDate "2019.12.07"]
[EventType "swiss (rapid)"]
[EventRounds "7"]
[EventCountry "ENG"]
[SourceTitle "CBM 195 Extra"]
[Source "ChessBase"]
[SourceDate "2020.05.31"]
[SourceVersion "1"]
[SourceVersionDate "2020.05.31"]
[SourceQuality "1"]

1. Nf3 d6 2. c4 e5 3. Nc3 f5 4. d3 Nf6 5. g3 Be7 6. Bg2 0-0 7. 0-0 c6 8. b4 Kh8 9. Rb1 Be6 10. b5 Qc7 11. bxc6 Nxc6 12. Ba3 Bg8 13. Nd2 d5 14. cxd5 Bxa3 15. dxc6 bxc6 16. Qa4 Bd6 17. Rfc1 Rac8 18. Qa6 Qf7 19. Nc4 Bb8 20. Na5 Qh5 21. Nxc6 f4 22. Bf3 Qh3 23. Rxb8 fxg3 24. hxg3 Rxb8 25. Nxb8 Rxb8 26. Qxa7 Rc8 27. Qe3 h5 28. Qxe5 Ng4 29. Bxg4 Qxg4 30. Kg2 Bh7 31. Rh1 Bg6 32. Rh4 Qd7 33. Ne4 Qb7 34. Kh2 Rc2 35. Rf4 Rc8 36. Nd6 Qc7 37. Qe6 Rd8 38. Qxg6 1-0

[Event "London Classic rapid op 11th"]
[Site "London"]
[Date "2019.12.07"]
[Round "4"]
[White "Ortiz Sanchez, Luis"]
[Black "Willmoth, Robert"]
[Result "1/2-1/2"]
[WhiteElo "1885"]
[BlackElo "2038"]
[PlyCount "89"]
[EventDate "2019.12.07"]
[EventType "swiss (rapid)"]
[EventRounds "7"]
[EventCountry "ENG"]
[SourceTitle "CBM 195 Extra"]
[Source "ChessBase"]
[SourceDate "2020.05.31"]
[SourceVersion "1"]
[SourceVersionDate "2020.05.31"]
[SourceQuality "1"]

1. d3 e5 2. Nd2 Nc6 3. e4 Bc5 4. Nc4 d5 5. exd5 Qd7 6. d6 Qxd6 7. Qf3 Qe6 8. Ne2 Nf6 9. Qg3 Bd7 10. Be3 Bxe3 11. fxe3 0-0 12. Nc3 Nb4 13. Rc1 Rfe8 14. Be2 b5 15. Nd2 Nxa2 16. Nxa2 Qxa2 17. b3 Qa5 18. Rf1 Qb6 19. Rf2 a5 20. Kf1 a4 21. bxa4 bxa4 22. Nc4 Qe6 23. Kg1 a3 24. Bf3 e4 25. Be2 a2 26. Rff1 Nd5 27. h3 f5 28. dxe4 Qxe4 29. Bd3 Qe7 30. Ra1 Bb5 31. Rxf5 c6 32. Re5 Qb4 33. Qh4 Nf6 34. Rxe8+ Rxe8 35. Qd4 c5 36. Qb2 Qxb2 37. Nxb2 Bxd3 38. Nxd3 Ra8 39. Nxc5 Nd5 40. Nb3 Nc3 41. Kf1 Rd8 42. Ke1 Kf7 43. Nd4 Rb8 44. Nb3 Rd8 45. Nd4 1/2-1/2

[Event "London Classic op 11th"]
[Site "London"]
[Date "2019.12.05"]
[Round "8"]
[White "Willmoth, Robert"]
[Black "Akots, Gabor"]
[Result "0-1"]
[WhiteElo "2108"]
[BlackElo "2221"]
[PlyCount "54"]
[EventDate "2019.11.29"]
[EventType "swiss"]
[EventRounds "9"]
[EventCountry "ENG"]
[SourceTitle "CBM 193 Extra"]
[Source "ChessBase"]
[SourceDate "2020.01.31"]
[SourceVersion "1"]
[SourceVersionDate "2020.01.31"]
[SourceQuality "1"]

1. d4 d5 2. Nf3 Nf6 3. Bg5 Ne4 4. Bh4 h5 5. Nfd2 g5 6. Nxe4 gxh4 7. Ned2 Nc6 8. e3 e5 9. dxe5 Nxe5 10. h3 Bf5 11. Nf3 Nxf3+ 12. gxf3 Bg7 13. c3 Qd7 14. Na3 a6 15. Qb3 0-0-0 16. 0-0-0 Rh6 17. e4 Rb6 18. Qc2 Bh6+ 19. Kb1 Qe7 20. exf5 Qxa3 21. Ka1 Qc5 22. Bd3 Bg7 23. Rc1 Bf6 24. Rhe1 Qa5 25. f4 c5 26. Qe2 Kb8 27. Qxh5 Rxb2 0-1